| 000 | 00639nam a2200205Ia 4500 | ||
|---|---|---|---|
| 003 | GCL | ||
| 008 | 140319s9999 xx 000 0 ara d | ||
| 040 |
_aGCL / _cGCL |
||
| 082 | 0 | 4 |
_a150.287 _bص ق |
| 100 | 1 | _aصفوت فرج | |
| 245 | 1 | 0 |
_aالقياس النفسى / _cصفوت فرج |
| 250 | _aالرابعة | ||
| 260 |
_aالقاهرة : _bمكتبة الانجلوالمصرية ، _c2000 |
||
| 300 |
_a718 ص ؛ _c24 سم |
||
| 650 | 0 | 4 | _aاختبارات الذكاء |
| 650 | 0 | 4 | _aالاختبارات النفسية |
| 650 | 0 | 4 | _aالاختبارات الشخصية |
| 650 | 0 | 4 | _aالقياس الفنى |
| 942 |
_2ddc _cBK |
||
| 999 |
_c856 _d856 |
||